| 000 | 00770cam a2200217 a 4500 | ||
|---|---|---|---|
| 001 | 15048688 | ||
| 005 | 20260318175821.0 | ||
| 008 | 071018s2009 maua b 001 0 eng | ||
| 020 |
_a9780073377018 _qalk. paper |
||
| 020 |
_a0073377015 _qalk. paper |
||
| 050 | 0 | 0 |
_aHD31 _b.G47 2009 |
| 082 | 0 | 0 |
_a658 _222 |
| 100 | 1 | _aGhillyer, Andrew. | |
| 245 | 1 | 0 |
_aManagement : _ba real world approach / _cAndrew Ghillyer. |
| 260 |
_aBoston : _bMcGraw Hill, _cc2009. |
||
| 300 |
_axxx, 463 p. : _bill. (chiefly col.) ; _c26 cm. |
||
| 650 | 0 | _aManagement. | |
| 856 | 4 | 1 |
_3Table of contents only _uhttp://www.loc.gov/catdir/enhancements/fy0806/2007042913-t.html |
| 856 | 4 | 2 |
_3Publisher description _uhttp://www.loc.gov/catdir/enhancements/fy0809/2007042913-d.html |
| 942 |
_2lcc _cBK _n0 |
||
| 999 |
_c9113 _d9113 |
||